[Event "Rated Blitz game"]
[Site "?"]
[Date "2021.06.02"]
[Round "?"]
[White "Pollo_Patatine"]
[Black "ZHeMbA"]
[Result "1-0"]
[WhiteElo "2363"]
[BlackElo "2474"]
[PlyCount "65"]
[EventDate "2021.??.??"]
[EventType "blitz"]
[TimeControl "300"]

1. e4 e5 2. Nc3 Nc6 3. Nf3 Nf6 4. Nxe5 Nxe5 5. d4 Ng6 6. e5 Ng8 7. Bc4 d5 8.
Bxd5 c6 9. Bb3 N8e7 10. O-O Nd5 11. Nxd5 cxd5 12. f4 Ne7 13. Bd2 g6 14. Bb4 Nc6
15. Bxf8 Kxf8 16. c3 Kg7 17. Bc2 Ne7 18. Qf3 h5 19. h3 Bf5 20. Bb3 Qd7 21. Rae1
a5 22. Rf2 a4 23. Bd1 Rab8 24. a3 b5 25. Bc2 Qe6 26. Bd3 Bxd3 27. Qxd3 Nf5 28.
g4 hxg4 29. hxg4 Nd6 30. f5 Nxf5 31. gxf5 gxf5 32. Qxf5 Qxf5 33. Rxf5 {Normal}
1-0

[Event "Rated Blitz game"]
[Site "?"]
[Date "2021.06.02"]
[Round "?"]
[White "Niemans"]
[Black "GeenLouisV"]
[Result "1-0"]
[WhiteElo "2372"]
[BlackElo "2401"]
[PlyCount "55"]
[EventDate "2021.??.??"]
[EventType "blitz"]
[TimeControl "180"]

1. e4 e5 2. Nf3 Nc6 3. Nc3 Nf6 4. Nxe5 Nxe5 5. d4 Nc6 6. d5 Ne5 7. f4 Ng6 8. e5
Bb4 9. exf6 Qxf6 10. Bd3 O-O 11. O-O d6 12. Ne4 Qd4+ 13. Kh1 f5 14. Nd2 Qf6 15.
Nf3 Bd7 16. a4 Rae8 17. c3 Bc5 18. b4 Be3 19. Re1 Qxc3 20. Bxe3 Qxb4 21. Rb1
Qa3 22. Rxb7 Bxa4 23. Qd2 Rf7 24. Rxa7 Rfe7 25. h3 Qb3 26. Rb1 Qxd5 27. Rxa4
Rxe3 28. Bc4 {Normal} 1-0

[Event "Titled Tuesday 1st June"]
[Site "chess.com INT"]
[Date "2021.06.01"]
[Round "4"]
[White "Navalgund, N."]
[Black "Asis Gargatagli, H."]
[Result "0-1"]
[WhiteElo "2289"]
[BlackElo "2464"]
[PlyCount "76"]
[EventDate "2021.06.01"]

1. e4 e5 2. Nf3 Nc6 3. Nc3 Nf6 4. Nxe5 Nxe5 5. d4 Ng6 6. e5 Ng8 7. Bc4 d5 8.
Bxd5 c6 9. Bc4 Be6 10. Bxe6 fxe6 11. O-O N8e7 12. Bg5 Qd7 13. Ne4 Nf5 14. c3 h6
15. Qh5 Qf7 16. Bd2 Nxe5 17. Qe2 Nd7 18. a4 Be7 19. a5 O-O 20. f4 Rae8 21. a6
b5 22. Rf3 Nf6 23. Nf2 Bd6 24. Nd3 Qh5 25. Raf1 Nh4 26. R3f2 Qxe2 27. Rxe2 Nf5
28. Rfe1 Kf7 29. h3 h5 30. Ne5+ Bxe5 31. fxe5 Nd5 32. g4 hxg4 33. hxg4 Nh4 34.
Rf2+ Kg8 35. Ref1 Rxf2 36. Rxf2 Rf8 37. Rxf8+ Kxf8 38. b3 Nf3+ 0-1

[Event "Rated Blitz game"]
[Site "?"]
[Date "2021.06.01"]
[Round "?"]
[White "mincso"]
[Black "Hossamelmalla7"]
[Result "1-0"]
[WhiteElo "2403"]
[BlackElo "2360"]
[PlyCount "51"]
[EventDate "2021.??.??"]
[EventType "blitz"]
[TimeControl "180+2"]

1. e4 Nc6 2. Nc3 Nf6 3. Nf3 e5 4. Nxe5 Nxe5 5. d4 Nc6 6. d5 Ne7 7. e5 Nfg8 8.
d6 Ng6 9. Nb5 cxd6 10. exd6 Bxd6 11. Qxd6 Qe7+ 12. Be3 Qxd6 13. Nxd6+ Ke7 14.
Bc5 b6 15. Ba3 Kd8 16. Nxf7+ Kc7 17. Bd6+ Kc6 18. Nxh8 Nxh8 19. O-O-O Nf7 20.
Bf8 g6 21. g3 d5 22. Bg2 Be6 23. Rhe1 Rxf8 24. Rxe6+ Kd7 25. Bxd5 Ng5 26. Re5 {
Normal} 1-0

[Event "Rated Blitz game"]
[Site "?"]
[Date "2021.06.01"]
[Round "?"]
[White "khalid_ontawar"]
[Black "winthlin"]
[Result "0-1"]
[WhiteElo "2425"]
[BlackElo "2450"]
[PlyCount "126"]
[EventDate "2021.??.??"]
[EventType "blitz"]
[TimeControl "180"]

1. e4 e5 2. Nc3 Nf6 3. Nf3 Nc6 4. Nxe5 Nxe5 5. d4 Ng6 6. e5 Ng8 7. Bc4 d5 8.
Bxd5 c6 9. Bb3 Be6 10. O-O Qd7 11. f4 N8e7 12. Be3 O-O-O 13. Ne4 Nf5 14. Bf2
Nxf4 15. c4 Nxd4 16. Kh1 Ng6 17. Nd6+ Bxd6 18. Qxd4 Bb8 19. Qe3 Qd2 20. Qe4 Qd3
21. Qe1 Qd7 22. Qa5 Qc7 23. Qb4 Rd7 24. Rfe1 Rhd8 25. h3 h5 26. c5 Rd2 27. Bg3
h4 28. Bh2 Bd5 29. Qxd2 Bxb3 30. Qg5 Bd5 31. b4 Qd7 32. Qe3 Qe6 33. Rad1 a6 34.
a4 Bc7 35. Rd2 Re8 36. Red1 Nxe5 37. Re1 f6 38. Rde2 g5 39. Qd4 Qd7 40. Bxe5
Bxe5 41. Qe3 Bc7 42. Qf2 Rxe2 43. Qxe2 Qxh3+ 44. Kg1 Qd7 45. Qe8+ Bd8 46. Re6
Bxe6 47. Qg6 Qd5 48. Qe4 Qd4+ 49. Qxd4 Bd7 50. Qe3 Bc7 51. Qf2 Be5 52. Qf1 Bd4+
53. Qf2 Bxf2+ 54. Kxf2 f5 55. Ke3 g4 56. g3 h3 57. Kf4 h2 58. Kg5 h1=Q 59. Kf6
Qg1 60. Ke5 Qxg3+ 61. Kf6 Qb3 62. Ke7 Qxb4 63. Kd6 Qxa4 {Time forfeit} 0-1

[Event "Rated Blitz game"]
[Site "?"]
[Date "2021.06.01"]
[Round "?"]
[White "forbiddencheapos"]
[Black "MoldeMagician"]
[Result "1/2-1/2"]
[WhiteElo "2402"]
[BlackElo "2270"]
[PlyCount "103"]
[EventDate "2021.??.??"]
[EventType "blitz"]
[TimeControl "300"]

1. e4 e5 2. Nf3 Nc6 3. Nc3 Nf6 4. Nxe5 Nxe5 5. d4 Ng6 6. e5 Bb4 7. exf6 Qxf6 8.
Bc4 c6 9. Qe2+ Qe7 10. d5 Qxe2+ 11. Kxe2 Ne5 12. Bb3 Bxc3 13. bxc3 O-O 14. Rd1
Re8 15. Kf1 c5 16. f4 Ng4 17. h3 Nf6 18. d6 b6 19. a4 Ba6+ 20. Kg1 c4 21. Ba2
Ne4 22. Rd4 Nxc3 23. Bxc4 Bxc4 24. Rxc4 Ne2+ 25. Kf2 Nxc1 26. Rxc1 Rac8 27.
Rxc8 Rxc8 28. c4 Kf8 29. a5 Rc6 30. axb6 axb6 31. Rd1 Rxc4 32. Ra1 g6 33. Ra8+
Kg7 34. Rd8 Kf6 35. Rxd7 Rd4 36. Ke3 Rd5 37. Ke4 Rd1 38. g4 h6 39. h4 g5 40.
hxg5+ hxg5 41. f5 b5 42. Rd8 b4 43. d7 b3 44. Rb8 Rxd7 45. Rb6+ Kg7 46. Rxb3
Ra7 47. Rb4 Ra5 48. Rc4 Kf6 49. Rc6+ Kg7 50. Rc4 Kf6 51. Rc6+ Kg7 52. Rc4 {
Normal} 1/2-1/2

[Event "Rated Blitz game"]
[Site "?"]
[Date "2021.06.01"]
[Round "?"]
[White "khalid_ontawar"]
[Black "winthlin"]
[Result "0-1"]
[WhiteElo "2436"]
[BlackElo "2439"]
[PlyCount "134"]
[EventDate "2021.??.??"]
[EventType "blitz"]
[TimeControl "180"]

1. e4 e5 2. Nc3 Nf6 3. Nf3 Nc6 4. Nxe5 Nxe5 5. d4 Ng6 6. e5 Ng8 7. Bc4 d5 8.
Bxd5 c6 9. Bb3 Be6 10. O-O Qd7 11. d5 Bxd5 12. Nxd5 cxd5 13. c4 O-O-O 14. cxd5
Nxe5 15. Bf4 Bd6 16. Re1 f6 17. Qd4 Kb8 18. Rac1 Ne7 19. Bg3 Nf5 20. Qd2 Nxg3
21. hxg3 Rc8 22. Rcd1 Rhe8 23. Re4 h5 24. Rde1 Re7 25. Qe2 Rce8 26. Qxh5 Nf7
27. Re6 Ng5 28. f4 Nxe6 29. dxe6 Qc7 30. Qd5 Qc5+ 31. Qxc5 Bxc5+ 32. Kf1 Rd8
33. f5 Rd2 34. Re2 Rxe2 35. Kxe2 Kc7 36. Kf3 Kd6 37. Kg4 Bd4 38. Kh5 Bxb2 39.
Kg6 Be5 40. g4 b5 41. Bc2 a5 42. Bd3 b4 43. Bc2 Bf4 44. Ba4 Bh6 45. Kh7 Rc7 46.
Kg8 Ke7 47. g5 fxg5 48. g4 Rc4 49. Kh7 Rxg4 50. Kg6 Rg2 51. Bb3 Rb2 52. Bc4 a4
53. f6+ gxf6 54. Kxh6 b3 55. axb3 axb3 56. Kg6 Rb1 57. Bd3 Rc1 58. Bf5 b2 59.
Be4 b1=Q 60. Bxb1 Rxb1 61. Kg7 Kxe6 62. Kf8 f5 63. Kg7 Rb7+ 64. Kg6 f4 65. Kxg5
f3 66. Kf4 f2 67. Ke4 f1=Q {Normal} 0-1

[Event "Rated Blitz game"]
[Site "?"]
[Date "2021.06.01"]
[Round "?"]
[White "kaithcel30"]
[Black "Prayer791"]
[Result "0-1"]
[WhiteElo "2333"]
[BlackElo "2504"]
[PlyCount "60"]
[EventDate "2021.??.??"]
[EventType "blitz"]
[TimeControl "180"]

1. e4 e5 2. Nf3 Nf6 3. Nc3 Nc6 4. Nxe5 Nxe5 5. d4 Ng6 6. e5 Ng8 7. Bc4 d5 8.
Bxd5 c6 9. Bb3 Be6 10. O-O Bb4 11. Ne4 N8e7 12. c3 Ba5 13. f4 Bc7 14. Ng3 Qd7
15. Qd3 Nh4 16. Ne4 Bxb3 17. axb3 O-O 18. g3 Nhf5 19. Nc5 Qc8 20. g4 Nh6 21. h3
Nxg4 22. hxg4 Qxg4+ 23. Kf2 f6 24. Rg1 Qh4+ 25. Ke2 Qh2+ 26. Kf1 fxe5 27. Ne6
Ng6 28. Qc4 Kh8 29. Nxc7 Nxf4 30. Ne6 Nxe6+ {Time forfeit} 0-1

[Event "Rated Blitz game"]
[Site "?"]
[Date "2021.06.01"]
[Round "?"]
[White "vladlitus"]
[Black "Aram67-Shag"]
[Result "1-0"]
[WhiteElo "2383"]
[BlackElo "2412"]
[PlyCount "131"]
[EventDate "2021.??.??"]
[EventType "blitz"]
[TimeControl "180"]

1. e4 e5 2. Nc3 Nf6 3. Nf3 Nc6 4. Nxe5 Nxe5 5. d4 Ng6 6. e5 Ng8 7. Bc4 Bb4 8.
O-O Bxc3 9. bxc3 d5 10. Bd3 N8e7 11. Qh5 O-O 12. f4 f5 13. Ba3 Be6 14. Rf3 Rf7
15. Raf1 Nf8 16. h3 g6 17. Qh6 Kh8 18. Kh1 Ng8 19. Qg5 Qxg5 20. fxg5 Kg7 21.
Rb1 Rb8 22. Bc1 Nd7 23. a4 c5 24. a5 c4 25. Be2 Ne7 26. Bf4 b5 27. axb6 Rxb6
28. Ra1 Nc6 29. Rff1 Rf8 30. Ra2 Rfb8 31. Rfa1 Rb1+ 32. Kh2 Rxa1 33. Rxa1 Rb2
34. Bd1 a5 35. Kg3 Nb6 36. Bc1 Rb5 37. Ba3 Nd7 38. Kf4 Bg8 39. h4 Kf7 40. g4
Ke6 41. gxf5+ gxf5 42. h5 Bf7 43. Bf3 a4 44. Rg1 Rb8 45. Bd6 Ra8 46. g6 hxg6
47. hxg6 Bg8 48. Bg2 a3 49. Bh3 Ne7 50. Ra1 a2 51. Bxe7 Kxe7 52. Bxf5 Be6 53.
Bxe6 Kxe6 54. Kg5 Ke7 55. Kh6 Nf8 56. g7 Ne6 57. Rxa2 Rg8 58. Ra7+ Ke8 59. Kh7
Rxg7+ 60. Rxg7 Nxg7 61. Kxg7 Ke7 62. Kg6 Ke6 63. Kg5 Kf7 64. Kf5 Ke7 65. e6 Kd6
66. Kf6 {Time forfeit} 1-0

[Event "Rated Blitz game"]
[Site "?"]
[Date "2021.06.01"]
[Round "?"]
[White "pombooo"]
[Black "hadibeabisibe"]
[Result "0-1"]
[WhiteElo "2434"]
[BlackElo "2465"]
[PlyCount "134"]
[EventDate "2021.??.??"]
[EventType "blitz"]
[TimeControl "180"]

1. e4 e5 2. Nf3 Nc6 3. Nc3 Nf6 4. Nxe5 Nxe5 5. d4 Nc6 6. e5 Ng8 7. Bc4 d5 8.
Bxd5 Be6 9. Bxc6+ bxc6 10. O-O Ne7 11. f4 Nf5 12. Ne2 h5 13. c3 c5 14. h3 h4
15. Qd3 cxd4 16. cxd4 c5 17. Be3 Nxe3 18. Qxe3 cxd4 19. Nxd4 Bc5 20. Rfd1 Qb6
21. b4 Bxd4 22. Qxd4 Rd8 23. Qxb6 axb6 24. Rxd8+ Kxd8 25. a4 Kc7 26. a5 Ra8 27.
Kf2 Kb7 28. g3 hxg3+ 29. Kxg3 bxa5 30. bxa5 Ka6 31. Kh4 Rb8 32. Kg5 Bxh3 33.
Rc1 Rb7 34. Rh1 Bg2 35. Ra1 Be4 36. Ra4 Bc2 37. Ra2 Bb3 38. Ra1 Rb5 39. Re1
Rxa5 40. f5 Kb6 41. Kf4 Ra4+ 42. Kg5 Ra5 43. Kf4 Kc7 44. Rb1 Rb5 45. Rc1+ Kd7
46. Re1 Ke7 47. Kg5 Kf8 48. Kf4 Kg8 49. f6 gxf6 50. exf6 Be6 51. Rg1+ Kf8 52.
Rh1 Rf5+ 53. Ke4 Rxf6 54. Ke5 Ke7 55. Ra1 Rf5+ 56. Ke4 Kf6 57. Ra6 Re5+ 58. Kd4
Rd5+ 59. Kc3 Re5 60. Kb4 Kf5 61. Ka3 f6 62. Kb2 Rd5 63. Kc2 Re5 64. Kb1 Re4 65.
Ka1 Bd5 66. Kb1 Re5 67. Ka1 Be4 {Time forfeit} 0-1

[Event "Rated Blitz game"]
[Site "?"]
[Date "2021.06.01"]
[Round "?"]
[White "GeorgeQartveli"]
[Black "Grandhacker"]
[Result "0-1"]
[WhiteElo "2360"]
[BlackElo "2448"]
[PlyCount "46"]
[EventDate "2021.??.??"]
[EventType "blitz"]
[TimeControl "180+2"]

1. e4 e5 2. Nf3 Nf6 3. Nc3 Nc6 4. Nxe5 Nxe5 5. d4 Bb4 6. dxe5 Nxe4 7. Qd4 Bxc3+
8. bxc3 d5 9. exd6 Nxd6 10. Qxg7 Qe7+ 11. Be2 Qf8 12. Qe5+ Be6 13. Bg5 Rg8 14.
Bh5 Kd7 15. Bf3 Re8 16. O-O-O Bxa2 17. Bg4+ Be6 18. Rxd6+ cxd6 19. Qb5+ Kc7 20.
Bf3 Bc8 21. Rd1 Re5 22. Qc4+ Rc5 23. Qf4 Rgxg5 {Normal} 0-1

[Event "Rated Blitz game"]
[Site "?"]
[Date "2021.06.01"]
[Round "?"]
[White "forbiddencheapos"]
[Black "valera1155pro"]
[Result "0-1"]
[WhiteElo "2401"]
[BlackElo "2347"]
[PlyCount "72"]
[EventDate "2021.??.??"]
[EventType "blitz"]
[TimeControl "300"]

1. e4 e5 2. Nf3 Nf6 3. Nc3 Nc6 4. Nxe5 Nxe5 5. d4 Ng6 6. e5 Ng8 7. Bc4 d6 8.
Qf3 f6 9. e6 Be7 10. O-O c6 11. d5 Nh6 12. dxc6 b6 13. c7 Qxc7 14. Qxa8 Qxc4
15. Qxa7 O-O 16. Qxb6 Bxe6 17. Bxh6 gxh6 18. Rfe1 Ne5 19. Re4 Qc8 20. f4 d5 21.
Qxe6+ Qxe6 22. Ree1 Bc5+ 23. Kh1 Bb4 24. a3 Bxc3 25. bxc3 Qd6 26. fxe5 fxe5 27.
a4 e4 28. a5 Qa6 29. c4 Qxc4 30. a6 Ra8 31. a7 Qxc2 32. Reb1 Kg7 33. Rb7+ Kg6
34. Ra6+ Kf5 35. Rf7+ Ke5 36. Re7+ Kd4 {Normal} 0-1

[Event "Rated Blitz game"]
[Site "?"]
[Date "2021.05.31"]
[Round "?"]
[White "weeza"]
[Black "akhairat"]
[Result "1-0"]
[WhiteElo "2420"]
[BlackElo "2392"]
[PlyCount "93"]
[EventDate "2021.??.??"]
[EventType "blitz"]
[TimeControl "180"]

1. e4 e5 2. Nf3 Nc6 3. Nc3 Nf6 4. Nxe5 Nxe5 5. d4 Nc6 6. e5 Ng8 7. Bc4 d6 8.
Qf3 Qd7 9. Bb5 a6 10. Ba4 b5 11. Nxb5 axb5 12. Bxb5 Nge7 13. d5 Bb7 14. O-O
dxe5 15. c4 O-O-O 16. a4 Nxd5 17. cxd5 Qxd5 18. Qh3+ Qe6 19. Qg3 Bd6 20. Qc3
Nd4 21. Be3 Kb8 22. Bc4 Qd7 23. a5 Qc6 24. f3 Bc5 25. Kh1 f5 26. a6 Ba8 27. b4
Ba7 28. Rfc1 f4 29. Bf2 Qb6 30. b5 Rd7 31. Bd3 Rhd8 32. Be4 Bxe4 33. fxe4 Ne2
34. Bxb6 Nxc3 35. Bxa7+ Kxa7 36. h3 Nxe4 37. Re1 Ng3+ 38. Kg1 Rd2 39. Rac1 e4
40. Rxc7+ Kb6 41. Rb7+ Ka5 42. Rc7 Rb2 43. a7 Rxb5 44. Rc4 Kb6 45. Ra1 Rd2 46.
a8=Q Rbb2 47. Qc6# {Normal} 1-0

[Event "Rated Blitz game"]
[Site "?"]
[Date "2021.05.31"]
[Round "?"]
[White "forbiddencheapos"]
[Black "SPECNAZ666"]
[Result "1-0"]
[WhiteElo "2380"]
[BlackElo "2491"]
[PlyCount "31"]
[EventDate "2021.??.??"]
[EventType "blitz"]
[TimeControl "300"]

1. e4 e5 2. Nf3 Nc6 3. Nc3 Nf6 4. Nxe5 Nxe5 5. d4 Ng6 6. e5 Ng8 7. Bc4 Bb4 8.
Qf3 Qe7 9. O-O Bxc3 10. bxc3 Nh6 11. a4 O-O 12. Ba3 d6 13. Rfe1 Qg5 14. exd6
Bg4 15. Qxb7 Rab8 16. Qd5 {Normal} 1-0

[Event "Rated Blitz game"]
[Site "?"]
[Date "2021.05.31"]
[Round "?"]
[White "GoughPhar"]
[Black "Stapfenoder"]
[Result "0-1"]
[WhiteElo "2486"]
[BlackElo "2375"]
[PlyCount "120"]
[EventDate "2021.??.??"]
[EventType "blitz"]
[TimeControl "180"]

1. e4 e5 2. Nf3 Nc6 3. Nc3 Nf6 4. Nxe5 Nxe5 5. d4 d6 6. dxe5 dxe5 7. Qxd8+ Kxd8
8. Bg5 Be6 9. O-O-O+ Kc8 10. f4 exf4 11. e5 Nd7 12. Ne4 h6 13. Bxf4 g5 14. Bg3
Bg7 15. Bb5 Nxe5 16. Rhe1 b6 17. Ba6+ Kb8 18. Nd6 cxd6 19. Rxd6 Kc7 20. Rxe5
Kxd6 21. Rxg5+ Ke7 22. Rxg7 Rag8 23. Rxg8 Rxg8 24. a4 Bd5 25. Bf1 f5 26. c4 Bc6
27. b3 h5 28. Kb2 Kd7 29. Bd3 Ke6 30. Bf1 Kd7 31. Ka3 Bxg2 32. Bxg2 h4 33. Bd5
hxg3 34. Bxg8 g2 35. Bd5 g1=Q 36. h4 Qc5+ 37. Kb2 Kd6 38. h5 Ke5 39. h6 Qf2+
40. Ka3 Qh2 41. a5 Qxh6 42. Ka4 Kd4 43. axb6 axb6 44. Kb5 Qd6 45. b4 Kc3 46.
Bc6 Qxb4+ 47. Ka6 Qxc4+ 48. Kxb6 f4 49. Bb5 Qb4 50. Kc6 f3 51. Bf1 f2 52. Kd5
Kd2 53. Ke6 Ke1 54. Bh3 Qc5 55. Bf1 Qe3+ 56. Kf6 Kxf1 57. Kg6 Kg1 58. Kf6 f1=Q+
59. Kg6 Qg3+ 60. Kh5 Qfh3# {Normal} 0-1

[Event "Rated Blitz game"]
[Site "?"]
[Date "2021.05.31"]
[Round "?"]
[White "GoughPhar"]
[Black "olarovfan"]
[Result "0-1"]
[WhiteElo "2491"]
[BlackElo "2612"]
[PlyCount "74"]
[EventDate "2021.??.??"]
[EventType "blitz"]
[TimeControl "180"]

1. e4 e5 2. Nf3 Nc6 3. Nc3 Nf6 4. Nxe5 Nxe5 5. d4 Ng6 6. e5 Bb4 7. exf6 Qxf6 8.
Bd3 d5 9. O-O Bxc3 10. bxc3 O-O 11. Re1 Bf5 12. Ba3 Rfe8 13. Qf3 Bxd3 14. Qxf6
gxf6 15. cxd3 Nf4 16. g3 Ne6 17. Re3 Ng5 18. Rae1 Nf3+ 19. Rxf3 Rxe1+ 20. Kg2
Kg7 21. c4 Rd8 22. h4 h5 23. Rf5 Kg6 24. Rf3 Re2 25. Kh3 Rxa2 26. Be7 Re8 27.
Bxf6 Re6 28. Be5 c6 29. g4 hxg4+ 30. Kxg4 f6 31. h5+ Kf7 32. h6 Kg6 33. Bf4 Ra3
34. Rh3 f5+ 35. Kg3 Rxd3+ 36. f3 Kh7 37. Be5 Rxh6 {Normal} 0-1

[Event "Rated Blitz game"]
[Site "?"]
[Date "2021.05.31"]
[Round "?"]
[White "khalid_ontawar"]
[Black "Tugaichess"]
[Result "1/2-1/2"]
[WhiteElo "2409"]
[BlackElo "2415"]
[PlyCount "86"]
[EventDate "2021.??.??"]
[EventType "blitz"]
[TimeControl "180"]

1. e4 e5 2. Nc3 Nc6 3. Nf3 Nf6 4. Nxe5 Nxe5 5. d4 Ng6 6. e5 Bb4 7. exf6 Qxf6 8.
Be3 c6 9. Be2 d5 10. O-O O-O 11. Bf3 Nf4 12. Ne2 Nh3+ 13. Kh1 Ng5 14. Bxg5 Qxg5
15. Ng3 Bd6 16. Re1 Be6 17. Qd3 h5 18. Nxh5 g6 19. Ng3 Kg7 20. Kg1 Rh8 21. Re2
Qh4 22. h3 Bxg3 23. fxg3 Qxg3 24. Kf1 Bf5 25. Be4 Qxd3 26. Bxd3 Bxd3 27. cxd3
Rhe8 28. Rae1 Kf8 29. Kf2 Rxe2+ 30. Rxe2 Re8 31. Rxe8+ Kxe8 32. h4 f5 33. Kf3
Kf7 34. Kf4 Kf6 35. a4 a5 36. b3 b6 37. g3 c5 38. dxc5 bxc5 39. Kf3 Ke5 40. Ke3
Ke6 41. Kf4 Kf6 42. Kf3 Kf7 43. Kf4 Kf6 {Normal} 1/2-1/2

[Event "Rated Blitz game"]
[Site "?"]
[Date "2021.05.31"]
[Round "?"]
[White "Horween"]
[Black "MattPiper"]
[Result "1-0"]
[WhiteElo "2328"]
[BlackElo "2502"]
[PlyCount "47"]
[EventDate "2021.??.??"]
[EventType "blitz"]
[TimeControl "180"]

1. e4 e5 2. Nf3 Nc6 3. Nc3 Nf6 4. Nxe5 Nxe5 5. d4 Ng6 6. e5 Ng8 7. Bc4 Bb4 8.
Qf3 Bxc3+ 9. bxc3 Qe7 10. O-O Nh6 11. a4 O-O 12. Ba3 d6 13. exd6 cxd6 14. Rfe1
Qc7 15. Bb3 Bg4 16. Qg3 Rad8 17. h3 Bc8 18. Re4 Nf5 19. Qg5 Rfe8 20. Rae1 Rxe4
21. Rxe4 d5 22. Bxd5 Qd7 23. Bb3 Re8 24. Qxf5 {Normal} 1-0

[Event "Rated Blitz game"]
[Site "?"]
[Date "2021.05.31"]
[Round "?"]
[White "GoughPhar"]
[Black "Pochochino"]
[Result "1-0"]
[WhiteElo "2461"]
[BlackElo "2452"]
[PlyCount "95"]
[EventDate "2021.??.??"]
[EventType "blitz"]
[TimeControl "180"]

1. e4 e5 2. Nf3 Nc6 3. Nc3 Nf6 4. Nxe5 Nxe5 5. d4 Bb4 6. dxe5 Nxe4 7. Qd4 Nxc3
8. bxc3 Be7 9. Bd3 O-O 10. h4 d5 11. h5 c5 12. Qf4 f6 13. h6 g6 14. Qg3 Qe8 15.
Bf4 c4 16. Be2 fxe5 17. Bxe5 Bf6 18. Bxf6 Rxf6 19. Qc7 Rf7 20. Qc5 Bg4 21. f3
Bf5 22. Rb1 Bxc2 23. Rb2 Bd3 24. Kf2 Qe5 25. Bxd3 cxd3 26. Re1 Qf4 27. Qxd5
Qh4+ 28. Kf1 Qh1+ 29. Kf2 Qh4+ 30. g3 Qh2+ 31. Kf1 Qxb2 32. Re7 Qc1+ 33. Kg2
Qd2+ 34. Kh3 Qxh6+ 35. Kg2 Qd2+ 36. Kh3 Raf8 37. Rxf7 Rxf7 38. Qd8+ Kg7 39.
Qd4+ Rf6 40. Qd7+ Rf7 41. Qd4+ Kg8 42. Qg4 Re7 43. Qc8+ Kf7 44. Qg4 Qh6+ 45.
Qh4 Qxh4+ 46. Kxh4 Re2 47. f4 d2 48. f5 {Time forfeit} 1-0

[Event "Rated Blitz game"]
[Site "?"]
[Date "2021.05.31"]
[Round "?"]
[White "GoughPhar"]
[Black "Kabila"]
[Result "1-0"]
[WhiteElo "2467"]
[BlackElo "2417"]
[PlyCount "75"]
[EventDate "2021.??.??"]
[EventType "blitz"]
[TimeControl "180"]

1. e4 e5 2. Nf3 Nc6 3. Nc3 Nf6 4. Nxe5 Nxe5 5. d4 Ng6 6. e5 Bb4 7. exf6 Qxf6 8.
Bd3 Qxd4 9. O-O O-O 10. Ne4 d5 11. Ng5 Bg4 12. c3 Bxd1 13. cxd4 Ba4 14. f4 h6
15. f5 Nh4 16. g3 hxg5 17. Bxg5 Nxf5 18. Rxf5 c6 19. Raf1 f6 20. Be3 a6 21. Rh5
Bb5 22. Bh7+ Kf7 23. Rf4 Rh8 24. Rfh4 g5 25. Bg6+ Kg7 26. Rxh8 Rxh8 27. Rxh8
Kxh8 28. Bf5 a5 29. Bc8 Ba6 30. Kf2 Kg7 31. Kf3 Bd6 32. Kg4 Be2+ 33. Kf5 b6 34.
Bb7 Bb5 35. Ke6 Bf8 36. b3 Kg6 37. a4 Ba6 38. Bxa6 {Normal} 1-0

[Event "Rated Blitz game"]
[Site "?"]
[Date "2021.05.30"]
[Round "?"]
[White "GoughPhar"]
[Black "mezat"]
[Result "1-0"]
[WhiteElo "2457"]
[BlackElo "2534"]
[PlyCount "99"]
[EventDate "2021.??.??"]
[EventType "blitz"]
[TimeControl "180"]

1. e4 e5 2. Nf3 Nc6 3. Nc3 Nf6 4. Nxe5 Nxe5 5. d4 Ng6 6. e5 Ng8 7. Bc4 d6 8.
Qf3 Be6 9. Qxb7 Bxc4 10. Qc6+ Ke7 11. Qxc4 Qd7 12. Bg5+ Ke8 13. O-O-O Be7 14.
h4 h6 15. Be3 c6 16. h5 Nf8 17. d5 cxd5 18. Nxd5 Ne6 19. f4 Rc8 20. Qd3 dxe5
21. f5 Nc5 22. Bxc5 Bxc5 23. Rhe1 f6 24. Qg3 Qf7 25. Qb3 Ne7 26. Qb5+ Kf8 27.
Qd7 Qe8 28. Qe6 Nxd5 29. Qxd5 Qc6 30. Qd3 Kg8 31. Re2 Kh7 32. Qg3 Rhd8 33. Qg6+
Kh8 34. Rxd8+ Rxd8 35. a3 Qd5 36. Kb1 Qd1+ 37. Ka2 Qxe2 38. Qf7 Qe4 39. Qb3 Qd5
40. Qxd5 Rxd5 41. b4 Rd2 42. Kb3 Rxc2 43. bxc5 Rxc5 44. Kb4 Rc8 45. Kb3 Rb8+
46. Kc4 Rb6 47. a4 Ra6 48. a5 Rxa5 49. Kb4 Ra3 50. Kc4 {Time forfeit} 1-0

[Event "Rated Blitz game"]
[Site "?"]
[Date "2021.05.30"]
[Round "?"]
[White "Niemans"]
[Black "suslik76"]
[Result "1-0"]
[WhiteElo "2370"]
[BlackElo "2484"]
[PlyCount "91"]
[EventDate "2021.??.??"]
[EventType "blitz"]
[TimeControl "180"]

1. e4 e5 2. Nf3 Nc6 3. Nc3 Nf6 4. Nxe5 Nxe5 5. d4 Ng6 6. e5 Ng8 7. Bc4 d5 8.
Bxd5 c6 9. Be4 Nh6 10. O-O Bb4 11. f4 Bxc3 12. bxc3 Ne7 13. Ba3 Bf5 14. Bxf5
Nhxf5 15. g4 Nh6 16. f5 Nd5 17. Qf3 Qh4 18. h3 O-O-O 19. Rab1 Ng8 20. c4 Nb6
21. d5 cxd5 22. cxd5 Nxd5 23. Bd6 Nge7 24. c4 Nb6 25. a4 Nc6 26. Rb5 Rxd6 27.
exd6 Qf6 28. c5 Qd4+ 29. Qf2 Qxf2+ 30. Kxf2 Nxa4 31. Re1 Nc3 32. Rb3 Nd5 33. g5
Rd8 34. h4 b6 35. cxb6 Nxb6 36. Rc3 Kb7 37. Rec1 Rxd6 38. Kf3 Nd5 39. Rc5 Nde7
40. Ke4 Rd4+ 41. Ke3 Rxh4 42. Rb1+ Kc7 43. f6 Rh3+ 44. Kf2 gxf6 45. gxf6 Ng6
46. Rbc1 {Time forfeit} 1-0

[Event "Rated Blitz game"]
[Site "?"]
[Date "2021.05.30"]
[Round "?"]
[White "pombooo"]
[Black "suslik76"]
[Result "1-0"]
[WhiteElo "2399"]
[BlackElo "2455"]
[PlyCount "79"]
[EventDate "2021.??.??"]
[EventType "blitz"]
[TimeControl "180"]

1. e4 e5 2. Nf3 Nc6 3. Nc3 Nf6 4. Nxe5 Nxe5 5. d4 Ng6 6. e5 Ng8 7. Bc4 d5 8.
Bxd5 c6 9. Bb3 Be6 10. Bxe6 fxe6 11. O-O Qd7 12. Ne4 O-O-O 13. c3 Nxe5 14. Qa4
Nd3 15. Qxa7 Nxc1 16. Raxc1 Nf6 17. Nd2 Bd6 18. Nc4 Qe7 19. Rfe1 Rhe8 20. Na5
Bb8 21. Qa8 Qc7 22. g3 h5 23. h4 Ng4 24. f4 g5 25. hxg5 h4 26. Re5 Nxe5 27.
fxe5 hxg3 28. Nc4 Qh7 29. Kf1 Qh2 30. Ke1 Qf2+ 31. Kd1 g2 32. Nd2 g1=Q+ 33. Kc2
Qgg2 34. Rd1 Rh8 35. a4 Rh1 36. a5 Rxd1 37. Kb3 Qxd2 38. Kc4 Qxb2 39. Kc5 Qb4+
40. Kxb4 {Time forfeit} 1-0

[Event "Rated Rapid game"]
[Site "?"]
[Date "2021.05.30"]
[Round "?"]
[White "Pollo_Patatine"]
[Black "MERHABALAR-AQ17"]
[Result "1/2-1/2"]
[WhiteElo "2508"]
[BlackElo "2568"]
[PlyCount "36"]
[EventDate "2021.??.??"]
[EventType "rapid"]
[TimeControl "600"]

1. e4 e5 2. Nc3 Nf6 3. Nf3 Nc6 4. Nxe5 Nxe5 5. d4 Ng6 6. e5 Ng8 7. Bc4 c6 8.
Qf3 d5 9. exd6 Be6 10. d5 Bxd5 11. Nxd5 Bxd6 12. Ne3 Nf6 13. O-O Qc7 14. Ng4
Nxg4 15. Qxg4 Bxh2+ 16. Kh1 Be5 17. f4 Bf6 18. Re1+ Ne7 {Normal} 1/2-1/2

[Event "Rated Rapid game"]
[Site "?"]
[Date "2021.05.30"]
[Round "?"]
[White "Pollo_Patatine"]
[Black "VESCICADILARDO"]
[Result "1-0"]
[WhiteElo "2496"]
[BlackElo "2443"]
[PlyCount "113"]
[EventDate "2021.??.??"]
[EventType "rapid"]
[TimeControl "600"]

1. e4 e5 2. Nc3 Nf6 3. Nf3 Nc6 4. Nxe5 Nxe5 5. d4 Bb4 6. dxe5 Bxc3+ 7. bxc3
Nxe4 8. Qd4 d5 9. exd6 Nxd6 10. Qxg7 Qe7+ 11. Be3 Rf8 12. Bd3 Bf5 13. O-O f6
14. Qxe7+ Kxe7 15. Bc5 Bxd3 16. cxd3 Kf7 17. Rfe1 Rfe8 18. Bxd6 cxd6 19. Rxe8
Rxe8 20. Kf1 Rc8 21. Rc1 Ke6 22. Ke2 Kd5 23. Kd2 b5 24. a3 Rg8 25. g3 Rc8 26.
Rb1 a6 27. Rb4 f5 28. Rh4 Rc7 29. Rh5 Ke6 30. Rh6+ Ke5 31. f4+ Kd5 32. Rf6 a5
33. Rxf5+ Kc6 34. Rh5 Rb7 35. Kc2 Re7 36. Kd2 Rb7 37. f5 Kd5 38. g4 Ke5 39. Rh6
Rd7 40. Ke3 Rb7 41. d4+ Kd5 42. Kd3 Rc7 43. g5 b4 44. cxb4 axb4 45. axb4 Rc4
46. Rh4 Rxb4 47. g6 hxg6 48. fxg6 Rb3+ 49. Ke2 Ke6 50. Rf4 Rb5 51. h4 Rb2+ 52.
Kf3 Rb7 53. Kg4 Rb1 54. Kg5 d5 55. Kh6 Rg1 56. g7 Ke7 57. Kh7 {Normal} 1-0